| 000 | 01821nam a2200409 a 4500 | ||
|---|---|---|---|
| 001 | ebr10600499 | ||
| 003 | CaPaEBR | ||
| 006 | m u | ||
| 007 | cr cn||||||||| | ||
| 008 | 100318s2010 enk sb 001 0 eng d | ||
| 010 | _z 2010009697 | ||
| 020 | _z9783039119592 (alk. paper) | ||
| 020 | _z9783039119592 | ||
| 020 | _z9783035300338 (e-book) | ||
| 040 |
_aCaPaEBR _cCaPaEBR |
||
| 035 | _a(OCoLC)814270829 | ||
| 043 | _ae-ie--- | ||
| 050 | 1 | 4 |
_aPR8733 _b.O27 2010eb |
| 082 | 0 | 4 |
_a820.9/362082 _222 |
| 100 | 1 |
_aO'Connor, Maureen, _d1960- |
|
| 245 | 1 | 4 |
_aThe female and the species _h[electronic resource] : _bthe animal in Irish women's writing / _cMaureen O'Connor. |
| 260 |
_aOxford, England ; _aNew York : _bPeter Lang, _c2010. |
||
| 300 | _ax, 193 p. | ||
| 440 | 0 |
_aReimagining Ireland, _x1662-9094 ; _vv. 19 |
|
| 504 | _aIncludes bibliographical references (p. [173]-187) and index. | ||
| 505 | 0 | _a"Vile bodies" -- Frances Power Cobbe, political animal -- The evolutionary new woman -- Running with the hare and hunting with the hounds in the fiction of Somerville and Ross -- Contemporary representations of sacrificial logic. | |
| 533 |
_aElectronic reproduction. _bPalo Alto, Calif. : _cebrary, _d2011. _nAvailable via World Wide Web. _nAccess may be limited to ebrary affiliated libraries. |
||
| 650 | 0 |
_aEnglish literature _xIrish authors _xHistory and criticism. |
|
| 650 | 0 | _aWomen authors, Irish. | |
| 650 | 0 | _aWomen and animals. | |
| 650 | 0 |
_aWomen and literature _zIreland. |
|
| 650 | 0 | _aNature in literature. | |
| 650 | 0 | _aNational characteristics, Irish, in literature. | |
| 655 | 7 |
_aElectronic books. _2local |
|
| 710 | 2 | _aebrary, Inc. | |
| 856 | 4 | 0 |
_uhttp://site.ebrary.com/lib/rucke/Doc?id=10600499 _zAn electronic book accessible through the World Wide Web; click to view |
| 999 |
_c194785 _d194785 |
||